Talleres de motivación para niños
Gespeichert in:
| 1. Verfasser: | |
|---|---|
| Format: | Buch |
| Sprache: | Spanisch |
| Veröffentlicht: |
Bogotá
Gamma
2004
|
| Ausgabe: | 2a. ed |
| Schlagworte: | |
| Tags: |
Tag hinzufügen
Keine Tags, Fügen Sie den ersten Tag hinzu!
|
MARC
| LEADER | 00000cam a2200000 a 4500 | ||
|---|---|---|---|
| 001 | UCE5499 | ||
| 003 | CL-VaPUC | ||
| 008 | 150115e20040000ck |||||||||||||||||spa|d | ||
| 020 | |a 9588177332 | ||
| 082 | 0 | 4 | |a 370.102 |b THO |2 21 |
| 100 | 0 | |a Thoumi, Samira |e author |9 578180 | |
| 245 | 1 | 0 | |a Talleres de motivación para niños |
| 250 | |a 2a. ed | ||
| 300 | |a 114 p | ||
| 942 | |c BK | ||
| 945 | |d 20150115 11:28:00 |a arojas | ||
| 260 | |a Bogotá |b Gamma |c 2004 | ||
| 650 | 0 | |a Motivación |9 315362 | |
| 650 | 0 | |a Métodos de enseñanza |9 270413 | |
| 650 | 0 | |a Niños |9 255605 | |
| 650 | 7 | |a TALLERES DE APRENDIZAJE |2 CL-VaPUC |9 369978 | |
| 650 | 0 | |a Procesos de aprendizaje |9 309161 | |
| 583 | |a last modification |c 20150115 11:28:00 |k Rodrigo Vera | ||
| 999 | |c 358214 |d 358212 | ||